| 000 | 00380nam a22001577a 4500 | ||
|---|---|---|---|
| 003 | MACL | ||
| 005 | 20151122122613.0 | ||
| 008 | 151122b xxu||||| |||| 00| 0 eng d | ||
| 040 | _cMACL | ||
| 041 | _aEnglish | ||
| 082 | _a576/BAS | ||
| 100 |
_aBasak, Jyotish Chandra _917870 |
||
| 245 | _aEthical Quandaries in Human Genetics | ||
| 650 |
_aGenetics _917871 |
||
| 942 |
_2ddc _cBK |
||
| 999 |
_c50897 _d50897 |
||